| 000 | 01151nam a2200265Ia 4500 | ||
|---|---|---|---|
| 003 | OSt | ||
| 005 | 20221005104018.0 | ||
| 006 | a|||||r|||| 00| 0 | ||
| 007 | ta | ||
| 008 | 221004b |||||||| |||| 00| 0 hin d | ||
| 020 |
_a818668476X (hbk) _c985 |
||
| 024 | _a100402 | ||
| 037 |
_b374, 04/03/2010, Swaraj Prakashan _cTextual |
||
| 040 |
_aCRL _cCRL _bhin |
||
| 041 |
_2hin _ahin |
||
| 082 | _aV52,421xM91, 152P2 | ||
| 100 | _aग्राम्शी, अंतोनियो | ||
| 245 | 0 | _aसांस्कृतिक और राजनीतिक चिंतन के बुनियादी सरोकार | |
| 246 | _aSāanskṛutik aur rājanītik chiantan ke buniyādī sarokāra | ||
| 260 |
_aदिल्ली _bग्रंथ शिल्पी भारत _c2002 |
||
| 300 |
_a615पृ0 _ccm. |
||
| 700 | _a मिश्र, कृष्णकांत, अनु. | ||
| 942 |
_hV52,421xM91, 152P2 _cTEXL _2cc |
||
| 999 |
_c1011494 _d1011494 |
||